| 000 | 02403nam a2200421 a 4500 | ||
|---|---|---|---|
| 001 | ebr10583992 | ||
| 003 | CaPaEBR | ||
| 006 | m u | ||
| 007 | cr cn||||||||| | ||
| 008 | 120208s2012 nyu sb 001 0 eng d | ||
| 010 | _z 2012005954 | ||
| 020 | _z9780801450853 (cloth alk. paper) | ||
| 020 | _z9780801466038 (e-book) | ||
| 040 |
_aCaPaEBR _cCaPaEBR |
||
| 035 | _a(OCoLC)808077194 | ||
| 043 | _an-us--- | ||
| 050 | 1 | 4 |
_aJK1976 _b.W36 2012eb |
| 082 | 0 | 4 |
_a324.60973 _223 |
| 100 | 1 | _aWang, Tova Andrea. | |
| 245 | 1 | 4 |
_aThe politics of voter suppression _h[electronic resource] : _bdefending and expanding Americans' right to vote / _cTova Andrea Wang. |
| 260 |
_aIthaca : _bCornell University Press, _c2012. |
||
| 300 | _axviii, 197 p. | ||
| 500 | _a"A Century Foundation book." | ||
| 504 | _aIncludes bibliographical references and index. | ||
| 505 | 0 | _aThe voter inclusion principle -- The early years of vote suppression -- Conditions and consequences of the Voting Rights Act -- Vote suppression goes national and Republican -- The battle over Motor Voter -- The election of 2000 and its fallout -- A slight upswing -- Effects on election outcomes -- How to increase participation -- Epilogue : what citizens can do. | |
| 520 | _a"Tova Wang explains how, across the twentieth century, the issue of access to the ballot was transformed from a largely practical matter of electoral advantage into an ideological difference between the Democrat and Republican Parties."--Publisher's Web site. | ||
| 533 |
_aElectronic reproduction. _bPalo Alto, Calif. : _cebrary, _d2011. _nAvailable via World Wide Web. _nAccess may be limited to ebrary affiliated libraries. |
||
| 650 | 0 |
_aElections _zUnited States _xHistory _y20th century. |
|
| 650 | 0 |
_aElections _xCorrupt practices _zUnited States _xHistory _y20th century. |
|
| 650 | 0 |
_aVoter registration _zUnited States _xHistory _y20th century. |
|
| 650 | 0 |
_aVoter registration _xCorrupt practices _zUnited States _xHistory _y20th century. |
|
| 650 | 0 |
_aSuffrage _zUnited States _xHistory _y20th century. |
|
| 650 | 0 |
_aVoting _zUnited States _xHistory _y20th century. |
|
| 651 | 0 |
_aUnited States _xPolitics and government _y20th century. |
|
| 655 | 7 |
_aElectronic books. _2local |
|
| 710 | 2 | _aebrary, Inc. | |
| 856 | 4 | 0 |
_uhttp://site.ebrary.com/lib/rucke/Doc?id=10583992 _zAn electronic book accessible through the World Wide Web; click to view |
| 999 |
_c82457 _d82457 |
||